Colorado State Alumni - Statistics

General Stats
  • This quiz has been taken 4 times
  • The average score is 5 of 10
Answer Stats
Hint Answer % Correct
Coach of the WNBA's Las Vegas Aces since 2022 and Hall of Fame point guard Becky Hammon
75%
Comedian and actress, "Saturday Night Live" "Ghostbusters"(2016) Leslie Jones
75%
Governor of Montana from 2005 to 2013 Brain Schweitzer
50%
Senator from Colorado from 2015 to 2021 Cory Gardner
50%
Senator from Nevada from 2001 to 2011 John Ensign
50%
Governor of Colorado from 1987 to 1999 Roy Romer
50%
Former linebacker who played for the Denver Broncos and Tampa Bay Buccaneers Shaquil Barrett
50%
Tight end who plays for the Arizona Cardinals Trey McBride
50%
Senator from Colorado from 1997 to 2009 Wayne Allard
50%
Governor of Colorado from 2007 to 2011 Bill Reiter
25%
No matching quizzes found
Score Distribution
Percent of People with Each Score
Percentile by Number Answered
Your Score History
You have not taken this quiz